| Tag |
First Indicator |
Second Indicator |
Subfields |
| LEADER |
00000cam a22000008a 4500 |
| 001 |
in00000071588 |
| 005 |
20151008062309.0 |
| 008 |
810817s1981 njua b 00110 eng |
| 010 |
|
|
|a 81013889
|
| 020 |
|
|
|a 0138221227 :
|c $32.50
|
| 035 |
|
|
|a (OCoLC)07734154
|
| 035 |
|
|
|9 AAJ9928AM
|
| 039 |
0 |
|
|a 2
|b 3
|c 3
|d 3
|e 3
|
| 040 |
|
|
|a DLC
|c DLC
|d TXA
|d UtOrBLW
|
| 049 |
|
|
|a TXAM
|c 1 [800602], 2 [A08635589]
|
| 050 |
0 |
0 |
|a QA76.6
|b .B618
|
| 082 |
0 |
|
|a 001.64/25/0681
|2 19
|
| 100 |
1 |
|
|a Boehm, Barry W.
|
| 245 |
1 |
0 |
|a Software engineering economics /
|c Barry W. Boehm.
|
| 263 |
|
|
|a 8110
|
| 264 |
|
1 |
|a Englewood Cliffs, N.J. :
|b Prentice-Hall,
|c [1981]
|
| 264 |
|
4 |
|c ©1981
|
| 300 |
|
|
|a xxvii, 767 pages :
|b illustrations ;
|c 25 cm.
|
| 336 |
|
|
|a text
|b txt
|2 rdacontent
|
| 337 |
|
|
|a unmediated
|b n
|2 rdamedia
|
| 338 |
|
|
|a volume
|b nc
|2 rdacarrier
|
| 490 |
1 |
|
|a Prentice-Hall advances in computing science and technology series
|
| 500 |
|
|
|a Includes indexes.
|
| 504 |
|
|
|a Bibliography: pages 733-749.
|
| 650 |
|
0 |
|a Computer programming
|x Economic aspects.
|
| 650 |
|
0 |
|a Computer programming
|x Economic aspects
|x Case studies.
|
| 830 |
|
0 |
|a Prentice-Hall advances in computing science and technology series.
|
| 999 |
|
|
|a MARS
|
| 999 |
f |
f |
|s cc12136a-c62b-321d-8ed4-aa5c73049250
|i f801ce2c-36c2-33d3-a1be-35c0a4669fa5
|t 0
|
| 952 |
f |
f |
|p ric
|a Texas A&M University
|b Rellis Campus
|c Joint Library Facility
|d Remote Storage
|t 0
|e QA76.6 .B618
|h Library of Congress classification
|i unmediated -- volume
|m A14806201635
|
| 998 |
f |
f |
|a QA76.6 .B618
|t 0
|l Remote Storage
|